000 00248nam a22000977a 4500
999 _c11791
_d11791
008 200217b ||||| |||| 00| 0 eng d
020 _a0439210674
100 _aLucado Max
_97460
245 _aJust the Way You Are
260 _aNew York
_bScholastic
_c2000